| 000 | 00366nam a2200145Ia 4500 | ||
|---|---|---|---|
| 008 | 230917s9999||||xx |||||||||||||| ||und|| | ||
| 040 |
_e5006425 _aMAIN |
||
| 041 | _aEnglish | ||
| 082 | _a781.3 K166H | ||
| 100 | _aKaur, Harmeet | ||
| 245 | 0 | _aHaryana pradesh ki skikshan mein vadya sangeet ki sthiti ka mulyakan | |
| 260 | _c2021 | ||
| 300 | _a234 p. | ||
| 942 | _cBK | ||
| 999 |
_c9667 _d9667 |
||